La vie contemplative, ascétique et monastique ches les indous et chez les peuples bouddhistes.

Detalles Bibliográficos
Autor principal: BOCHINGER, J. J.
Formato: Libro
Publicado: Estrasburgo 1831
Materias:
Colección:Banco de datos
Acervo:Biblioteca Nacional de Antropología e Historia. Fondo Conventual
Tema general:Ascética
Notas:Buena. III,5,17
LEADER 00674nam a22001930004500
035 |a 9947 
036 |a 4552 
100 1 |a BOCHINGER, J. J. 
245 1 0 |a La vie contemplative, ascétique et monastique ches les indous et chez les peuples bouddhistes. 
260 |a Estrasburgo  |b F.G. Levrault  |c 1831 
500 |a Buena. III,5,17 
650 1 0 |a Ascética 
949 |a B.N.A.H. 
959 |a Biblioteca Nacional de Antropología e Historia. Ciudad de México  |b CCC1 
960 |a Seminario de Morelia  |b DD56 
961 |a Casa de formación del Clero Secular  |b CS 
942 |c B.N.A.H. 
943 |g Biblioteca Nacional de Antropología e Historia. Fondo Conventual 
999 |c 1034479  |d 1034479